The Fast Guide to Accessibility Design /

Uložené v:
Podrobná bibliografia
Hlavný autor: Raffaelli, Baires (Autor)
Ďalší autori: Antonini, Silvia (Prekladateľ)
Médium: Kniha
Jazyk:English
Vydavateľské údaje: Amsterdam : BIS Publishers, 2020
Vydanie:1. vydanie
Predmet:
Tagy: Pridať tag
Žiadne tagy, Buďte prvý, kto otaguje tento záznam!

MARC

LEADER 00000nam a22000003a 4500
001 0090213
003 SK-STU
005 20210909131500.0
007 ta
008 210909s ----xo-----e------000-0-----d
020 |a 978 90 6369 571 2 
040 |a STU  |b slo 
041 0 |a eng 
044 |a ne 
100 1 |a Raffaelli, Baires  |4 aut 
245 1 0 |a The Fast Guide to Accessibility Design /  |c aut. Baires Raffaelli ; prekl. Silvia Antonini 
250 |a 1. vydanie 
260 |a Amsterdam :  |b BIS Publishers,  |c 2020 
300 |a 160 s. 
650 0 7 |a univerzálne navrhovanie 
650 0 7 |a exteriér 
650 0 7 |a interiér 
650 0 7 |a nábytok 
650 0 7 |a bezbariérová architektúra 
650 0 7 |a informačné značky 
650 0 7 |a bezpečnostné značky 
650 0 7 |a orientácia 
650 0 7 |a bezpečnostné značenie 
700 1 |a Antonini, Silvia  |4 trl 
996 |b 284AU08993  |c A* 12273/U  |l AAKNST  |s P  |a 0  |w 0090213_0001 
996 |b 284AU08994  |c A* 12274/U  |l AAKNAR  |s A  |a 24  |w 0090213_0002